<?xml version='1.0' encoding='UTF-8'?>
  <record xmlns="http://www.loc.gov/MARC21/slim">
    <leader>00000cam a2200000 i 4500</leader>
    <controlfield tag="001">ocm68095156</controlfield>
    <controlfield tag="003">OCoLC</controlfield>
    <controlfield tag="005">20251028151329.5</controlfield>
    <controlfield tag="008">980304s1594    xxk           000 0 fre d</controlfield>
    <datafield tag="040" ind1=" " ind2=" ">
      <subfield code="a">NLGGC</subfield>
      <subfield code="b">dut</subfield>
      <subfield code="e">fobidrtb</subfield>
      <subfield code="c">NLGGC</subfield>
    </datafield>
    <datafield tag="029" ind1="0" ind2=" ">
      <subfield code="a">NLGGC</subfield>
      <subfield code="b">167203126</subfield>
    </datafield>
    <datafield tag="035" ind1=" " ind2=" ">
      <subfield code="a">(OCoLC)68095156</subfield>
    </datafield>
    <datafield tag="245" ind1="0" ind2="0">
      <subfield code="a">Discours véritable de diverses conspirations nagueres descouvertes contre la propre vie de la tresexcellente Maieste de la Roine (Elizabeth): par assassinemens autant barbares, comme la conservation a esté miraculeuse de la main du Tout Puissant, opposée aux desseigns nernicieux de ses Anglois rebelles, et aux violences de ses tres-puissants ennemis estrangers. (Met vignet op den titel).</subfield>
    </datafield>
    <datafield tag="260" ind1=" " ind2=" ">
      <subfield code="a">A Londres :</subfield>
      <subfield code="b">imprimée par Charles Yetsweirt,</subfield>
      <subfield code="c">1594.</subfield>
    </datafield>
    <datafield tag="300" ind1=" " ind2=" ">
      <subfield code="a">30 p. ;</subfield>
      <subfield code="c">in-4.</subfield>
    </datafield>
    <datafield tag="336" ind1=" " ind2=" ">
      <subfield code="a">tekst</subfield>
      <subfield code="b">txt</subfield>
      <subfield code="2">rdacontent/dut</subfield>
    </datafield>
    <datafield tag="337" ind1=" " ind2=" ">
      <subfield code="a">zonder medium</subfield>
      <subfield code="b">n</subfield>
      <subfield code="2">rdamedia/dut</subfield>
    </datafield>
    <datafield tag="338" ind1=" " ind2=" ">
      <subfield code="a">band</subfield>
      <subfield code="b">nc</subfield>
      <subfield code="2">rdacarrier/dut</subfield>
    </datafield>
    <datafield tag="500" ind1=" " ind2=" ">
      <subfield code="a">Zie over de moordaanslagen hier verhaald, Motley, United Netherlands, III, 295-197; Histoire d'Elizabeth Roune d'Angleterre. Traduit du Latin de Guillaume Camden par M. Paul de Bellegent, 1627. Quatriéme partie, 140 s.v. en 124.</subfield>
    </datafield>
    <datafield tag="510" ind1="0" ind2=" ">
      <subfield code="a">Van Someren 481</subfield>
    </datafield>
    <datafield tag="600" ind1="0" ind2="4">
      <subfield code="a">Elizabeth</subfield>
      <subfield code="b">I,</subfield>
      <subfield code="c">koningin van Engeland,</subfield>
      <subfield code="d">1533-1603.</subfield>
      <subfield code="0">(NL-LeOCL)068681461</subfield>
    </datafield>
    <datafield tag="936" ind1=" " ind2=" ">
      <subfield code="a">BATCHLOAD</subfield>
    </datafield>
  </record>